La columna de hierro: el gran tribuno

Gespeichert in:
Bibliographische Detailangaben
1. Verfasser: Caldwell, Taylor (VerfasserIn)
Format: Buch
Sprache:Spanisch
Veröffentlicht: Ciudad de México Grijalbo 1983
Ausgabe:11a. ed
Schlagworte:
Tags: Tag hinzufügen
Keine Tags, Fügen Sie den ersten Tag hinzu!

MARC

LEADER 00000nam a2200000 a 4500
001 UCP7554
003 CL-VaPUC
008 991217e19830000MX |||||||||||||||||spa|d
082 0 4 |a 937.06  |b CAL  |2 21 
100 0 |a Caldwell, Taylor  |e author  |9 436988 
245 1 3 |a La columna de hierro: el gran tribuno 
250 |a 11a. ed 
300 |a 753 p 
942 |c BK 
945 |d 19991217 00:00:00  |a rherrera 
260 |a Ciudad de México  |b Grijalbo  |c 1983 
650 0 |a Imperio Romano  |9 322785 
650 0 |a Literatura romana  |9 344825 
650 0 |a Historia antigua  |9 267521 
583 |a last modification  |c 19991217 00:00:00  |k Rodrigo Vera 
999 |c 284676  |d 284674 
952 |0 0  |1 0  |4 0  |6 937_060000000000000_CAL_1983  |7 0  |8 A  |9 328850  |a BIBHIS  |b BIBHIS  |d 2019-11-20  |i 137902K  |o 937.06 CAL 1983  |p 137902K  |r 2025-01-20  |w 2019-11-20  |y BK  |k HIS